| 000 | 02971nam0a2200433 4500 | ||
|---|---|---|---|
| 001 | RU\NLR\bibl\990260 | ||
| 005 | 20260405112936.0 | ||
| 010 | _a5-7629-0645-0 | ||
| 021 |
_aRU _b2006-51873 _92557 |
||
| 035 | _a(nilc)RSL-KNO-002925544 | ||
| 035 | _a(NLR Aleph) 000978073 | ||
| 090 |
_a441464 _c441464 |
||
| 100 | _a20060906d2005 |||y0rusy50 ca | ||
| 101 | 0 | _arus | |
| 102 | _aRU | ||
| 105 | _ay ||||||||| | ||
| 106 | _ar | ||
| 200 | 1 |
_aСистемы стабилизации летальных аппаратов. Продольное движение _eучеб. пособие _e[для студентов направления 652300 - Управление движением и навигация, специальности 210500 - Системы управления летательными аппаратами] _fА. А. Знаменский, А. Я. Почкаев, В. В. Степанов _gФедеральное агентство по образованию, Санкт-Петербургский гос. электротехнический ун-т "ЛЭТИ" |
|
| 210 |
_aСанкт-Петербург _cИзд-во СПбГЭТУ "ЛЭТИ" _d2005 _eСПб. _gИзд-во СПбГЭТУ "ЛЭТИ" |
||
| 215 |
_a34, [1] с. _cил. _d21 |
||
| 320 | _aБиблиогр.: с. 32 | ||
| 517 | 0 | _aПродольное движение | |
| 606 | 1 |
_aЛетательные аппараты _jУчебные издания для высших учебных заведений _xУправляемость _91461269 _3RU\NLR\auth\66619965 |
|
| 606 | 1 |
_aЛетательные аппараты _jУчебные издания для высших учебных заведений _xПродольная устойчивость _92441725 _3RU\NLR\auth\661452532 |
|
| 610 | 0 | _aТранспорт -- Воздушный транспорт -- Авиация -- Летательные аппараты -- Системы управления и стабилизации -- Автоматизация -- Учебник для высшей школы | |
| 610 | 0 | _aстабилизация углового движения ЛА | |
| 610 | 0 | _aавтоматизированные системы управления ЛА | |
| 686 |
_aО52-047-05я73-1 _2rubbk |
||
| 686 | _aО52-01я73-1 | ||
| 700 | 1 |
_4070 _8rus _7ca _aЗнаменский _bА. А. _cканд. техн. наук _f1931- _gАртем Алексеевич _3RU\NLR\auth\7743683 _926626 |
|
| 701 | 1 |
_4070 _8rus _7ca _aПочкаев _bА. Я. _cканд. техн. наук _f1946- _gАлександр Яковлевич _3RU\NLR\auth\7743681 _926624 |
|
| 701 | 1 |
_4070 _8rus _7ca _aСтепанов _bВ. В. _cканд. техн. наук _f1941- _gВадим Витальевич _3RU\NLR\auth\7743679 _926622 |
|
| 801 | 0 |
_aRU _bРКП _c20060906 _grcr |
|
| 801 | 1 |
_aRU _bРГБ _c20060906 |
|
| 801 | 2 |
_aRU _bNLR _c20061003 _grcr |
|
| 830 | _aавт. по кн. | ||
| 942 | _cBOOK | ||
| 980 | _aNB | ||